000 01536cam a2200349 a 4500
001 14206754
003 OSt
005 20240611121902.0
008 051221s2006 flua b 001 0 eng
010 _a 2005056055
020 _a1574446126 (alk. paper)
020 _a9781574446128
035 _a(OCoLC)ocm62782264
040 _aDLC
_cmust
_dBAKER
_dC#P
_dNLGGC
_dDLC
082 0 0 _a510 HAS 2006
_222
084 _a30.10
_2bcl
100 1 _aHastings, Kevin J.,
_d1955-
_917037
245 1 0 _aIntroduction to the mathematics of operations research with Mathematica /
_cKevin J. Hastings.
250 _a2nd ed.
260 _aBoca Raton, FL :
_bChapman & Hall/CRC,
_c2006.
300 _axix, 567 p. :
_bill. ;
_c24 cm. +
_e1 CD-ROM (4 3/4 in.).
440 0 _aMonographs and textbooks in pure and applied mathematics
_917038
500 _aPrevious ed. published as: Introduction to the mathematics of operations research.
504 _aIncludes bibliographical references (p. 558-561) and index.
630 0 0 _aMathematica (Computer file)
_95189
650 0 _aOperations research
_xMathematics.
_917039
700 1 _aHastings, Kevin J.,
_d1955-
_tIntroduction to the mathematics of operations research.
_917040
856 4 2 _3Publisher description
_uhttp://www.loc.gov/catdir/enhancements/fy0648/2005056055-d.html
906 _a7
_bcbc
_corignew
_d1
_eocip
_f20
_gy-gencatlg
942 _2z
_cO_SHELF
999 _c8376
_d8376